Statystyki dla Kraje z największymi trzęsieniami ziemi

Kliknij tutaj aby rozwiązać quiz!

Ogólne statystyki

  • Ten quiz został rozwiązany 186 razy
  • Średni wynik to 6 z 10

Statystyki odpowiedzi

#Państwo% Poprawnych
16Japonia
93%
18Stany Zjednoczone
90%
9Chiny
87%
11Meksyk
77%
28Indonezja
72%
13Rosja
65%
21Chile
53%
8Filipiny
53%
15Peru
37%
10Papua Nowa Gwinea
18%

Rozkład punktacji

Percentyl według liczby udzielonych odpowiedzi

Procent ludzi z każdym wynikiem

Twoja historia wyników

Nie rozwiązałeś tego quizu